| 000 | 00385nam a2200145Ia 4500 | ||
|---|---|---|---|
| 008 | 240624s9999 xx 000 0 und d | ||
| 041 | _aeng | ||
| 082 | _a658.4013 EVA | ||
| 100 | _aEVANS JAMES R | ||
| 245 | _aMANAGING FOR QUALITY AND PERFORMANCE EXC | ||
| 250 | _a(9th ed.) | ||
| 260 |
_c2014 _aNew Delhi _bCengage Learning |
||
| 300 | _axx, : 697 : p. : cm. ; 25 | ||
| 365 |
_cRS _b31 |
||
| 999 |
_c26765 _d26765 |
||